000 00425nam a22001817a 4500
003 SGT
020 _a9781292058856
082 _a617.8
_bI15M
100 _aMARTIN, FREDERICK N.
245 _aINTRODUCTION TO AUDIOLOGY
250 _a12TH
260 _aBOSTON
_bPEARSON PUB
_c2015
300 _a506
650 _aAUDIOLOGY
653 _aELEMNTS OF AUDIOLOGY
653 _aMANAGEMENT OF HEARING LOSS
942 _2ddc
_cBK
999 _c28459
_d28459